Flaming Hot Cheetos - Clairo (Lyrics) - Statistics

General Stats
  • This quiz has been taken 28 times
  • The average score is 129 of 167
Answer Stats
Answer % Correct
a
100%
i
95%
you
95%
that
90%
the
90%
to
90%
when
90%
would
90%
and
86%
at
86%
be
86%
just
86%
my
86%
think
86%
wanna
86%
about
81%
feel
81%
fight
81%
for
81%
hold
81%
i'm
81%
it's
81%
me
81%
night
81%
one
81%
put
81%
up
81%
you're
81%
easy
76%
go
76%
how
76%
or
76%
pretend
76%
something
76%
that's
76%
we
76%
adore
71%
back
71%
bored
71%
even
71%
ever
71%
friend?
71%
girl
71%
girlfriend
71%
have
71%
in
71%
know
71%
no
71%
old
71%
tell
71%
they
71%
ways
71%
what
71%
attractive
67%
but
67%
can't
67%
days
67%
don't
67%
fun
67%
happened
67%
"live
67%
moment"
67%
right
67%
silly
67%
telling
67%
afford
62%
anything
62%
buy
62%
feeling
62%
like
62%
real
62%
romantic
62%
sometimes
62%
such
62%
everything
57%
guess
57%
never
57%
things
57%
i'd
52%
really
52%
remember
48%
oh
43%
No matching quizzes found
Score Distribution
Percent of People with Each Score
Percentile by Number Answered
Your Score History
You have not taken this quiz